ABC des échecs ou Introduction a l'étude de la stratégie raisonnée des échecs (Registro nro. 162557)

Detalles MARC
000 -LEADER
campo de control de longitud fija 00844nam a2200181 i 4500
001 - NÚMERO DE CONTROL
campo de control 162557
003 - IDENTIFICADOR DE NÚMERO DE CONTROL
campo de control ES-MaACL
005 - FECHA Y HORA DE LA ÚLTIMA TRANSACCIÓN
campo de control 20230906212543.0
008 - DATOS DE LONGITUD FIJA--INFORMACIÓN GENERAL
campo de control de longitud fija 041119s1868 fr a |||| | fre d
040 ## - FUENTE DE CATALOGACIÓN
Centro catalogador/agencia de origen CAM
Lengua de catalogación spa
Centro/agencia transcriptor CAM
100 1# - ENTRADA PRINCIPAL--NOMBRE DE PERSONA
Nombre de persona Preti, Jean.
9 (RLIN) 131358
245 10 - MENCIÓN DEL TÍTULO
Título ABC des échecs ou Introduction a l'étude de la stratégie raisonnée des échecs
Resto del título : complété par une série de plus de cent problèmes inédits et gradués des meilleurs auteurs /
Mención de responsabilidad, etc. par Jean Préti.
246 30 - FORMA VARIANTE DEL TITULO
Título propio/Titulo breve Introduction a l'étude de la stratégie raisonnée des échecs
260 ## - PUBLICACIÓN, DISTRIBUCIÓN, ETC.
Lugar de publicación, distribución, etc. Paris :
Nombre del editor, distribuidor, etc. chez Jean Preti, éditeur ;
Lugar de publicación, distribución, etc. Londres :
Nombre del editor, distribuidor, etc. chez Barthès et Lowell,
Fecha de publicación, distribución, etc. 1868 (
Fabricante Imp. Balitout, Questroy et C.)
300 ## - DESCRIPCIÓN FÍSICA
Extensión 150, [2] p. :
Otras características físicas il. ;
Dimensiones 22 cm.
650 04 - PUNTO DE ACCESO ADICIONAL DE MATERIA--TÉRMINO DE MATERIA
Término de materia o nombre geográfico como elemento de entrada Ajedrez.
9 (RLIN) 9707
852 ## - LOCALIZACIÓN
Ubicación ES-MaACL
Número de control de estantería C-3249
Nota libre - Enc. hol.
-- . - Legado de Modesto de la Fuente
Existencias
Estatus retirado Estado de pérdida Estado de daño No para préstamo Colección Biblioteca de origen Biblioteca actual Ubicación en estantería Fecha de adquisición Fuente de adquisición Total de préstamos Signatura topográfica completa Código de barras Visto por última vez Precio de reemplazo Tipo de ítem Koha
        Libros del s. XIX Biblioteca del Ateneo de Madrid Biblioteca del Ateneo de Madrid Sala Palomar 17/01/2008     C-3249 1170299 23/02/2023 23/02/2023 Libro impreso antiguo